| 000 | 00849nam a2200253 a 4500 | ||
|---|---|---|---|
| 001 | 830 | ||
| 003 | BR-CuiBMT | ||
| 005 | 20231121004824.0 | ||
| 008 | 231106s2020 mgb 000 0 por d | ||
| 020 | _a9788545007531 | ||
| 040 |
_aBR-CuiBMT _cBR-CuiBMT |
||
| 080 |
_22007 _a336.225.53 |
||
| 090 |
_a336.225.53 _bN244i _c2. ed. |
||
| 100 | 1 |
_aNascimento, Carlos Valder do, _d1944- |
|
| 245 |
_aIsenção do imposto de renda dos trabalhadores da ativa em razão de doença grave / _cCarlos Valder do Nascimento ; introdução José Souto Maior Borges. |
||
| 250 | _a2. ed. | ||
| 260 |
_aBelo Horizonte : _bFórum, _c2020. |
||
| 300 |
_a118 p. : _c21 cm |
||
| 504 | _aInclui bibliografia. | ||
| 650 |
_aImposto de renda _vIsenção _zBrasil |
||
| 650 |
_aIsenção tributária _zBrasil |
||
| 650 |
_aDireito tributário _zBrasil |
||
| 942 |
_2udc _cLV |
||
| 999 |
_c830 _d830 |
||